000 00516nam a22002177a 4500
003 UA-OsUOA
001 136368
007 ta
008 20190321b un ||||| |||| 00| 0 ukr d
090 _a883
_bИ99
942 _cBK
040 _aUA-OsUOA
_bukr
_cUA-OsUOA
_dUA-OsUOA
245 _aІ рости і діяти
300 _a287 с.
955 _a3
041 _aukr
080 _a883
260 _aК.
_bДніпро
_c1976
650 7 _a883 Українська література
_2UDC
999 _c419324
_d419324